STARY most s NOVOU funkciou_Trenčín
Na minha lista:
| Autor principal: | |
|---|---|
| Outros Autores: | |
| Formato: | Manuscrito Livro |
| Idioma: | eslovaco |
| Publicado em: |
Bratislava
2017
|
| Assuntos: | |
| Acesso em linha: | http://is.stuba.sk/zp/portal_zp.pl?podrobnosti=126175 |
| Tags: |
Sem tags, seja o primeiro a adicionar uma tag!
|
MARC
| LEADER | 00000ntm a22000003a 4500 | ||
|---|---|---|---|
| 001 | stuzp63720 | ||
| 003 | SK-STU | ||
| 005 | 20210215101746.7 | ||
| 007 | ta | ||
| 008 | 150427s2015----xo-----f-mn---000-0-slo-d | ||
| 040 | |a STU |b slo | ||
| 041 | 0 | |a slo | |
| 100 | 1 | |a Nagyová, Jana |u 058180 |4 aut |U FAD Fakulta architektúry |T FA Ústav architektúry občianskych budov |X 58599 |U A8180 |Y 399 |7 58599 | |
| 242 | 0 | 1 | |a STARY most s NOVOU funkciou_Trenčín |y eng |
| 245 | 1 | 0 | |a STARY most s NOVOU funkciou_Trenčín |
| 260 | |c 2017 |a Bratislava | ||
| 650 | 4 | |a most |2 slo | |
| 650 | 4 | |a vyhliadka |2 slo | |
| 650 | 4 | |a trenčín |2 slo | |
| 650 | 4 | |a most |2 eng | |
| 650 | 4 | |a trenčín |2 eng | |
| 650 | 4 | |a vyhliadka |2 eng | |
| 700 | 1 | |a Oravcová, Eva |u 058180 |k Z1 |4 ths |U FAD Fakulta architektúry |T FA Ústav architektúry občianskych budov |X 411 |U A8180 |Y 399 |7 A000000411 | |
| 856 | 4 | |u http://is.stuba.sk/zp/portal_zp.pl?podrobnosti=126175 |u https://opac.crzp.sk/?fn=detailBiblioForm&sid=E7FF18FD4FFD5019D8F3ED3CC38C | |